Las principales teorías cinematográficas
Guardat en:
| Autor principal: | |
|---|---|
| Format: | Llibre |
| Idioma: | espanyol |
| Publicat: |
Barcelona
Gustavo Gili
1981
|
| Edició: | 2a. ed |
| Col·lecció: | Colección Punto y Línea
|
| Matèries: | |
| Etiquetes: |
Afegir etiqueta
Sense etiquetes, Sigues el primer a etiquetar aquest registre!
|
MARC
| LEADER | 00000nam a2200000 a 4500 | ||
|---|---|---|---|
| 001 | UCO5082 | ||
| 003 | CL-VaPUC | ||
| 008 | 000825e19810000SP |||||||||||||||||spa|d | ||
| 082 | 0 | 4 | |a 778.53 |b AND |2 21 |
| 100 | 0 | |a Andrew, J. Dudley |e author |9 449831 | |
| 245 | 1 | 4 | |a Las principales teorías cinematográficas |
| 250 | |a 2a. ed | ||
| 300 | |a 274 p | ||
| 942 | |c BK | ||
| 945 | |d 20000825 00:00:00 |a crobeson | ||
| 260 | |a Barcelona |b Gustavo Gili |c 1981 | ||
| 650 | 0 | |a Cinematografía |9 265198 | |
| 650 | 0 | |a Fotografía |9 268495 | |
| 650 | 0 | |a Cine |9 225706 | |
| 650 | 0 | |a Artes escénicas |9 318853 | |
| 583 | |a last modification |c 20000825 00:00:00 |k Rodrigo Vera | ||
| 490 | 0 | |a Colección Punto y Línea | |
| 999 | |c 291036 |d 291034 | ||
| 952 | |0 0 |1 0 |4 0 |6 778_530000000000000_AND_1981 |7 0 |8 R |9 340688 |a BIBART |b BIBART |d 2019-11-20 |i 1218816 |o 778.53 AND 1981 |p 1218816 |r 2025-03-13 |w 2019-11-20 |y BK_R |k ART | ||